Can you name all the countries in oceania/australia? - Statistics

General Stats
  • This quiz has been taken 23 times
  • The average score is 15 of 23
Answer Stats
Answer % Correct
Australia
100%
Micronesia
95%
New Zealand
95%
Marshall Islands
90%
Palau
90%
Tuvalu
90%
Fiji
85%
Kiribati
85%
Samoa
85%
American Samoa
80%
Papua New Guinea
80%
Solomon Islands
80%
Tonga
80%
Nauru
75%
Vanuatu
75%
French Polynesia
35%
New Caledonia
35%
Niue
35%
Guam
30%
Cook Islands
20%
Northern Mariana Islands
15%
Pitcairn Islands
10%
Norfolk Island
0%
No matching quizzes found
Score Distribution
Percent of People with Each Score
Percentile by Number Answered
Your Score History
You have not taken this quiz